Honnan jövünk? Hova megyünk? Kik vagyunk? {Quo vadis?}. [Quo vadis?]
Elmentve itt :
| Szerző: | |
|---|---|
| Adatforrás: | Meister |
| Forrásdokumentuma: | A Hét. - 2001. 13, 6. |
| Nyelv: | magyar |
| Kulcsszavak: | recenzió recenzie book review DOMOKOS Mátyás HATÁR Győző GÁLL Ernő |
| LEADER | 00496nab a2200181 i 4500 | ||
|---|---|---|---|
| 001 | bibPRO00013288 | ||
| 008 | 080908s2001 xx hun | ||
| 040 | |a Sz1 | ||
| 041 | |a hun | ||
| 100 | 1 | |a VEKERDI László | |
| 245 | 1 | 0 | |a Honnan jövünk? Hova megyünk? Kik vagyunk? {Quo vadis?}. [Quo vadis?] |c VEKERDI László |
| 695 | |a recenzió | ||
| 695 | |a recenzie | ||
| 695 | |a book review | ||
| 695 | |a DOMOKOS Mátyás | ||
| 695 | |a HATÁR Győző | ||
| 695 | |a GÁLL Ernő | ||
| 773 | 0 | |t A Hét. - |g 2001. 13, 6. | |